Compassionate authority : (Record no. 8989)
[ view plain ]
| 000 -LEADER | |
|---|---|
| fixed length control field | 01205cam a2200325 a 4500 |
| 001 - CONTROL NUMBER | |
| control field | 3450149 |
| 003 - CONTROL NUMBER IDENTIFIER | |
| control field | OSt |
| 005 - DATE AND TIME OF LATEST TRANSACTION | |
| control field | 20240627112701.0 |
| 008 - FIXED-LENGTH DATA ELEMENTS--GENERAL INFORMATION | |
| fixed length control field | 920626s1993 nyu b 001 0 eng |
| 010 ## - LIBRARY OF CONGRESS CONTROL NUMBER | |
| LC control number | 92024356 |
| 020 ## - INTERNATIONAL STANDARD BOOK NUMBER | |
| International Standard Book Number | 0415906431 (HB) : |
| Terms of availability | $49.95 |
| 020 ## - INTERNATIONAL STANDARD BOOK NUMBER | |
| International Standard Book Number | 041590644X (PB) : |
| Terms of availability | $15.95 |
| 040 ## - CATALOGING SOURCE | |
| Transcribing agency | must |
| 050 00 - LIBRARY OF CONGRESS CALL NUMBER | |
| Classification number | HQ1236 |
| Item number | .J66 1993 |
| 082 00 - DEWEY DECIMAL CLASSIFICATION NUMBER | |
| Classification number | J719c 1993 |
| Edition number | 20 |
| 100 1# - MAIN ENTRY--PERSONAL NAME | |
| Personal name | Jones, Kathleen B., |
| Dates associated with a name | 1949- |
| 9 (RLIN) | 18240 |
| 245 10 - TITLE STATEMENT | |
| Title | Compassionate authority : |
| Remainder of title | democracy and the representation of women / |
| Statement of responsibility, etc. | Kathleen B. Jones. |
| 260 ## - PUBLICATION, DISTRIBUTION, ETC. (IMPRINT) | |
| Place of publication, distribution, etc. | New York : |
| Name of publisher, distributor, etc. | Routledge, |
| Date of publication, distribution, etc. | 1993. |
| 300 ## - PHYSICAL DESCRIPTION | |
| Extent | xii, 265 p. ; |
| Dimensions | 24 cm. |
| 504 ## - BIBLIOGRAPHY, ETC. NOTE | |
| Bibliography, etc | Includes bibliographical references (p. 246-257) and index. |
| 650 #0 - SUBJECT ADDED ENTRY--TOPICAL TERM | |
| Topical term or geographic name as entry element | Women |
| General subdivision | Political activity. |
| 9 (RLIN) | 7059 |
| 650 #0 - SUBJECT ADDED ENTRY--TOPICAL TERM | |
| Topical term or geographic name as entry element | Sex role |
| General subdivision | Political aspects. |
| 9 (RLIN) | 18241 |
| 650 #0 - SUBJECT ADDED ENTRY--TOPICAL TERM | |
| Topical term or geographic name as entry element | Authority. |
| 9 (RLIN) | 18242 |
| 650 #0 - SUBJECT ADDED ENTRY--TOPICAL TERM | |
| Topical term or geographic name as entry element | Sovereignty. |
| 9 (RLIN) | 7258 |
| 650 #0 - SUBJECT ADDED ENTRY--TOPICAL TERM | |
| Topical term or geographic name as entry element | Feminist theory. |
| 9 (RLIN) | 6966 |
| 856 42 - ELECTRONIC LOCATION AND ACCESS | |
| Materials specified | Publisher description |
| Uniform Resource Identifier | <a href="http://www.loc.gov/catdir/enhancements/fy0651/92024356-d.html">http://www.loc.gov/catdir/enhancements/fy0651/92024356-d.html</a> |
| 906 ## - LOCAL DATA ELEMENT F, LDF (RLIN) | |
| a | 7 |
| b | cbc |
| c | orignew |
| d | 1 |
| e | ocip |
| f | 19 |
| g | y-gencatlg |
| 942 ## - ADDED ENTRY ELEMENTS (KOHA) | |
| Source of classification or shelving scheme | Dewey Decimal Classification |
| Koha item type | Open Shelf |
| Withdrawn status | Lost status | Source of classification or shelving scheme | Damaged status | Not for loan | Home library | Current library | Date acquired | Source of acquisition | Inventory number | Total Checkouts | Full call number | Barcode | Date last seen | Price effective from | Koha item type |
|---|---|---|---|---|---|---|---|---|---|---|---|---|---|---|---|
| Other/Generic Classification Scheme | MUST Main Library | MUST Main Library | 27/06/2024 | donation | 94/6981 | J719c 1993 | 2024-21543 | 27/06/2024 | 27/06/2024 | Open Shelf |
